| 000 | 00405nam a2200145Ia 4500 | ||
|---|---|---|---|
| 008 | 211109s9999||||xx |||||||||||||| ||und|| | ||
| 082 |
_a491.4348 _bDBH-H |
||
| 100 | _aD B H P Sabha, | ||
| 245 | 0 | _aHindi Malayalam Kosh | |
| 260 |
_bNATIONAL BOOKSTALL _aKottayam _c1994 |
||
| 300 | _a460p. | ||
| 630 | _xGeneral Stack | ||
| 650 |
_aLANGUAGES _vHINDI LANGUAGEMALAYALAM LANGUAGE _xGeneralia |
||
| 942 | _cBOOK | ||
| 999 |
_c12911 _d12911 |
||